01219nam a22001577a 450000500170000000800410001704000080005804100070006608200110007310000490008424500900013326000370022330000070026052005910026765002030085820150310134534.0150310b xxu||||| |||| 00| 0 eng d aANE aEs aRAD-18 aAcosta Burneo, Albertoeanalista económico aAlberto Acosta Burneo: “La dependencia del petróleo nos está pasando factura” aQuitobRadio Atalayac2015-03-09 ap. aEl analista económico, Alberto Acosta Burneo, manifestó que el Ecuador tiene un Problema estructural y se trata de la dependencia del petróleo. “La altísima dependencia del petróleo es un problema que se ha ido agravando en los últimos años con el incremento del precio del mismo; los precios del crudo caen y tenemos que hacer ajustes para enfrentarnos a la nueva realidad” señaló Acosta y aseguró que las salvaguardias no van a incentivar inversiones sostenibles en el tiempo, y que el país necesita una transformación de productividad y competitividad.  adependencia petróleo/analista económico/gobierno nacional/economía/medidas salvaguardias/precios crudo car/dependencia petrĺeo/ajustes realidad/transformación productividad competitividad/